Giải thích từ Hán - Việt trong sách giáo khoa văn học hệ phổ thông
Đã lưu trong:
| 主要作者: | |
|---|---|
| 格式: | 圖書 |
| 出版: |
H.
Đại học Quốc gia Hà Nội
2006
|
| 主題: | |
| 標簽: |
添加標簽
沒有標簽, 成為第一個標記此記錄!
|
| Thư viện lưu trữ: | Trung tâm Học liệu Lê Vũ Hùng, Trường Đại học Đồng Tháp |
|---|
| LEADER | 00803pam a22002058a 4500 | ||
|---|---|---|---|
| 001 | 00030557 | ||
| 005 | 20171026081023.0 | ||
| 008 | 130412s2006 |||||| sd | ||
| 020 | # | # | |a 25.500đ |
| 082 | 1 | 4 | |a 495.17 |b Gi103T |
| 100 | 1 | # | |a Lê,Anh Tuấn |
| 245 | 1 | 0 | |a Giải thích từ Hán - Việt trong sách giáo khoa văn học hệ phổ thông |c Lê Anh Tuấn |
| 260 | # | # | |a H. |b Đại học Quốc gia Hà Nội |c 2006 |e H. |f Xưởng in Tổng cục Công nghiệp Quốc phòng |g 2006 |
| 300 | # | # | |a 315tr. |c 21cm. |
| 653 | # | # | |a Từ Hán - Việt |
| 653 | # | # | |a phổ thông |
| 653 | # | # | |a sách giáo khoa |
| 852 | # | # | |b Kho mượn |j 0013007 |
| 910 | |d 12/04/2013 | ||
| 980 | # | # | |a Trung tâm Học liệu Lê Vũ Hùng, Trường Đại học Đồng Tháp |